Normal view
MARC view
Entry Término temático
001 - NÚMERO DE CONTROL
- campo de control: 147937
003 - IDENTIFICADOR DEL NÚMERO DE CONTROL
- campo de control: OSt
005 - FECHA Y HORA DE LA ÚLTIMA TRANSACCIÓN
- campo de control: 20220127160213.0
008 - DATOS DE LONGITUD FIJA
- campo de control de longitud fija: 220127|| aca||aabn | a|a d
040 ## - FUENTE DE LA CATALOGACIÓN
- Centro catalogador/agencia de origen: OSt
- Centro/agencia transcriptor: OSt
150 ## - ENCABEZAMIENTO--TÉRMINO DE MATERIA
- Término de materia o nombre geográfico como elemento de entrada: Industria del ganado y de la carne
670 ## - FUENTE DE DATOS ENCONTRADOS
- Cita de la fuente: Work cat.: (OSt)170803: Felipe Castillo, Néstor Benito 39998, Estudio de factibilidad técnico económico para el establecimiento de una planta procesadora de productos cárnicos en Celaya, Guanajuato /, 2012
